| 000 | 01194cam a22003377a 4500 | ||
|---|---|---|---|
| 003 | CHAP | ||
| 005 | 20220329140554.0 | ||
| 008 | 971013s1986 r 10010 d | ||
| 010 | _a54134 | ||
| 011 | _a55106 | ||
| 035 | _a59258 | ||
| 040 | _cCHAP | ||
| 082 |
_a630.215 _bS43 1984-85 |
||
| 111 | 0 | 0 |
_aSeminario de Ecología ( _d1984-85 _c: Chapingo, Méx.) _9104036 |
| 245 | 0 | _aPonencias | |
| 260 |
_aChapingo, Méx. : _bUACH. Departamento de Fitotecnia, _c1986 |
||
| 300 | _a286 p. | ||
| 590 |
_aBATCH-UPD _b10 _c20130110 _lUCH01 _h0813 |
||
| 590 |
_aBATCH-UPD _b10 _c20130410 _lUCH01 _h0450 |
||
| 590 |
_aBATCH-UPD _b10 _c20130914 _lUCH01 _h1126 |
||
| 590 |
_aCONVERSION _b10 _c20130109 _lUCH01 _h1329 |
||
| 650 | 1 | 4 |
_aCultivos y clima. _930392 |
| 650 | 1 | 4 |
_aEcología agrícola. _935165 |
| 700 | 0 |
_aSolís Mendoza, Floriberto _eed. _9108449 |
|
| 700 | 0 |
_aVázquez Rodríguez, José C. _eed. _9120492 |
|
| 901 | _aBK | ||
| 942 | _cLIBRO | ||
| 949 |
_a630.215 S43 1984-85 _bBC _cCONG _d33724000548392 _eCONG _fc.2 _h69846 _i59258 _si |
||
| 949 |
_a630.215 S43 1984-85 _bBC _cLIBRO _d33724000548384 _eLIBRO _h69845 _i59258 _si |
||
| 949 |
_a630.215 S43 1984-85 _bBC _cUACH _d-128173 _eUACH _fc.3 _h69847 _i59258 _si |
||
| 999 |
_c54134 _d54134 |
||